00614nam a2200181 a 450000100060000000300090000600800410001502000150005604000280007108200190009910000240011824500580014225000060020026000480020630000080025450501470026265000230040921209CO-ViMGA141112s2004 ck r 000 u spa d a8479037067 aCO-ViMGAbspacCO-ViMGA04a611.0182 B691a1 aBoya Vegue, Jesús10aAtlas de Histología y Organografía microscópica a2 aBuenos Aires; Medica PanAméricana, c2004 a448 aTejido cartilaginoso y óseo 63 - - Sistema Circulatorio 195 - - Aparato urinario 465 - - Sistema reproductor 493 - - Organos nerviosos 549 14aHISTOLOGIA - ATLAS